[Event "Ivrea Eporediese op 23rd"]
[Site "Ivrea"]
[Date "2006.01.19"]
[Round "1"]
[White "Cordoglio, Simone"]
[Black "Bruno, Fabrizio"]
[Result "0-1"]
[WhiteElo "1491"]
[BlackElo "1892"]
[PlyCount "52"]
[EventDate "2006.01.19"]
[EventType "swiss"]
[EventRounds "6"]
[EventCountry "ITA"]
[SourceTitle "EXT 2016"]
[Source "ChessBase"]
[SourceDate "2015.10.08"]
[SourceVersion "1"]
[SourceVersionDate "2015.10.08"]
[SourceQuality "1"]

1. d4 Nf6 2. Nf3 e6 3. Bf4 b6 4. e3 Bb7 5. Nbd2 d5 6. c3 Bd6 7. Bd3 0-0 8. Qe2 Nbd7 9. h3 Re8 10. Bh2 Bxh2 11. Rxh2 c5 12. Rc1 a6 13. Ne5 Nxe5 14. dxe5 Nd7 15. f4 Qh4+ 16. Qf2 Qxf2+ 17. Kxf2 b5 18. Rg1 Rad8 19. Nf3 Nb6 20. g4 Na4 21. Ke1 d4 22. Ng5 dxc3 23. Bxh7+ Kf8 24. bxc3 Nxc3 25. f5 exf5 26. gxf5 Rxe5 0-1

[Event "ITA-ch U12"]
[Site "Cortina d'Ampezzo"]
[Date "2005.07.08"]
[Round "8"]
[White "Cordoglio, Simone"]
[Black "Bergoglio, Luca"]
[Result "1-0"]
[WhiteElo "1482"]
[BlackElo "1410"]
[PlyCount "97"]
[EventDate "2005.07.03"]
[EventType "swiss"]
[EventRounds "9"]
[EventCountry "ITA"]
[SourceTitle "EXT 2024"]
[Source "ChessBase"]
[SourceDate "2023.10.10"]
[SourceVersion "1"]
[SourceVersionDate "2023.10.10"]
[SourceQuality "1"]

1. d4 d5 2. Nf3 Bf5 3. Bf4 Nc6 4. c3 e6 5. e3 Nf6 6. Nbd2 Be7 7. Bb5 0-0 8. Qa4 Qd7 9. Ne5 Qe8 10. Nxc6 bxc6 11. Bxc6 Qc8 12. Bxa8 Qxa8 13. Bxc7 Ne4 14. Nxe4 Bxe4 15. f3 Bh4+ 16. Bg3 Bxg3+ 17. hxg3 Bd3 18. Rd1 Bg6 19. c4 Rc8 20. c5 Qb7 21. b4 Ra8 22. b5 h6 23. c6 Qc7 24. f4 Be4 25. Kf2 f6 26. Rc1 e5 27. Qa6 Rb8 28. dxe5 fxe5 29. fxe5 Qxe5 30. Qa3 Rf8+ 31. Ke2 Bxg2 32. Rhg1 Bf3+ 33. Kd2 d4 34. Qxa7 Qxe3+ 35. Kc2 Be4+ 36. Kb2 Qd2+ 37. Ka1 Rf2 38. Qa3 Bd5 39. Rgd1 Qxa2+ 40. Qxa2 Rxa2+ 41. Kb1 Ra4 42. c7 Rb4+ 43. Kc2 Rc4+ 44. Kd3 Rc3+ 45. Rxc3 dxc3 46. c8Q+ Kh7 47. Qxc3 Bf7 48. Ra1 Bg6+ 49. Ke3 1-0

[Event "Ivrea op-B 11th"]
[Site "Ivrea"]
[Date "2005.05.28"]
[Round "2"]
[White "Tricerri, Pierino"]
[Black "Cordoglio, Simone"]
[Result "1-0"]
[WhiteElo "1491"]
[BlackElo "1422"]
[PlyCount "77"]
[EventDate "2005.05.27"]
[EventType "swiss"]
[EventRounds "5"]
[EventCountry "ITA"]
[SourceTitle "EXT 2024"]
[Source "ChessBase"]
[SourceDate "2023.10.10"]
[SourceVersion "1"]
[SourceVersionDate "2023.10.10"]
[SourceQuality "1"]

1. c4 Nf6 2. Nf3 g6 3. g3 Bg7 4. Bg2 0-0 5. 0-0 d6 6. Nc3 e5 7. d3 Nc6 8. Bg5 h6 9. Bxf6 Qxf6 10. Nd5 Qd8 11. b4 f5 12. b5 Ne7 13. Nd2 g5 14. Qc2 Ng6 15. c5 f4 16. cxd6 cxd6 17. Nc7 Rb8 18. Rac1 h5 19. Bd5+ Kh8 20. Ne6 Bxe6 21. Bxe6 Qe8 22. Qb3 h4 23. Ne4 Qe7 24. Qd5 Rfd8 25. Rc3 Nf8 26. Bf5 a6 27. b6 Nd7 28. Qxd6 Qxd6 29. Nxd6 Kg8 30. Rc7 Nxb6 31. Nf7 Rf8 32. Bg6 Nd5 33. Rd7 Nc3 34. Re1 Nxa2 35. Nxg5 Rf6 36. Bf7+ Kh8 37. Bxa2 Rg6 38. gxh4 Bf6 39. Rh7# 1-0

[Event "Ivrea Eporediese op 22nd"]
[Site "Ivrea"]
[Date "2005.01.27"]
[Round "2"]
[White "Cordoglio, Simone"]
[Black "Ranieri, Fabrizio"]
[Result "0-1"]
[WhiteElo "1422"]
[BlackElo "2211"]
[PlyCount "48"]
[EventDate "2005.01.20"]
[EventType "swiss"]
[EventRounds "9"]
[EventCountry "ITA"]
[SourceTitle "EXT 2016"]
[Source "ChessBase"]
[SourceDate "2015.10.08"]
[SourceVersion "1"]
[SourceVersionDate "2015.10.08"]
[SourceQuality "1"]

1. d4 d5 2. Nf3 Nf6 3. Bf4 Bg4 4. Ne5 Bh5 5. Nd2 Nbd7 6. Ndf3 e6 7. c3 Bd6 8. h3 Ne4 9. g4 Bg6 10. h4 Bxe5 11. Nxe5 Nxe5 12. Bxe5 f6 13. h5 fxe5 14. hxg6 h6 15. f3 Ng3 16. Rh3 Nxf1 17. Kxf1 e4 18. Qc1 Qf6 19. Ke1 0-0-0 20. Qe3 Qxg6 21. Rc1 Kb8 22. c4 exf3 23. Qxf3 Rhf8 24. Qg3 dxc4 0-1